Power and Decision: (Record no. 5963)
[ view plain ]
| 000 -LEADER | |
|---|---|
| fixed length control field | 00640cam a2200229 a 4500 |
| 001 - CONTROL NUMBER | |
| control field | 3945210 |
| 005 - DATE AND TIME OF LATEST TRANSACTION | |
| control field | 20250129001215.0 |
| 008 - FIXED-LENGTH DATA ELEMENTS--GENERAL INFORMATION | |
| fixed length control field | 940114s1994 maua b 001 0 eng c |
| 020 ## - INTERNATIONAL STANDARD BOOK NUMBER | |
| ISBN | 067469533X |
| 040 ## - CATALOGING SOURCE (பட்டியலாக்க மூலம்) | |
| Original cataloging agency | DLC/MoSU-L |
| Transcribing agency | MoSU-L |
| Modifying agency | DLC |
| 082 00 - DDC Classification | |
| Class No. | 304.6 |
| DDC Edition Number | 6886 |
| Item Number - Author Mark | SEN |
| 100 ## - MAIN ENTRY--PERSONAL NAME | |
| Personal name | Sen, G |
| 100 ## - MAIN ENTRY--PERSONAL NAME | |
| Personal name | Snow, R. C |
| 245 00 - TITLE STATEMENT | |
| Title | Power and Decision: |
| Remainder of title | The Social Control of Reproduction |
| 260 ## - PUBLICATION, DISTRIBUTION, ETC. | |
| Place of publication, distribution, etc. | Massachusetts |
| Name of publisher, distributor, etc. | Harvard School of Public Health |
| -- | Distributed by Harvard University Press, |
| Date of publication, distribution, etc. | 1994 |
| 300 ## - PHYSICAL DESCRIPTION | |
| Extent (e.g. Volumes, Pages etc.) | ii, 348 p., |
| 650 #0 - SUBJECT ADDED ENTRY--TOPICAL TERM | |
| Topical term or geographic name entry element | Women |
| 650 #0 - SUBJECT ADDED ENTRY--TOPICAL TERM | |
| Topical term or geographic name entry element | Birth control |
| 650 #0 - SUBJECT ADDED ENTRY--TOPICAL TERM | |
| Topical term or geographic name entry element | Reproduction |
| 650 #0 - SUBJECT ADDED ENTRY--TOPICAL TERM | |
| Topical term or geographic name entry element | Abortion |
| 942 ## - Koha item type (Biblio) | |
| Koha item type | Books in Stacks (Lending) |
No items available.
